BL GMMTV Find the pairing - Statistics

General Stats
  • This quiz has been taken 62 times
  • The average score is 12 of 16
Answer Stats
Picture Answer % Correct
PondPhuwin
90%
EarthMix
85%
OffGun
83%
PerthSanta
83%
ForceBook
81%
WilliamEst
81%
TayNew
79%
FirstKhaotung
75%
JoongDunk
75%
GeminiFourth
73%
JimmySea
73%
AouBoom
71%
BounPrem
71%
KristSingto
65%
SurfJava
62%
SeaKeen
60%
No matching quizzes found
Score Distribution
Percent of People with Each Score
Percentile by Number Answered
Your Score History
You have not taken this quiz